| 000 | 00506pab a2200181 454500 | ||
|---|---|---|---|
| 008 | 180718b2012 xxu||||| |||| 00| 0 eng d | ||
| 100 | _aZhu, Yuchao | ||
| 245 | _aEconomic expansion, marketization, and their social impact on China's ethnic minorities in Xinjiang and Tibet. | ||
| 260 | _c2012 | ||
| 300 | _ap.714-733. | ||
| 362 | _aJul-Aug | ||
| 650 | _aEthnic groups - China | ||
| 650 | _aEthnic groups | ||
| 700 | _aBlachford, DongYan | ||
| 773 | _aAsian Survey | ||
| 908 | _aN | ||
| 909 | _a97874 | ||
| 999 |
_c97873 _d97873 |
||